[Event "AUT-ch U10 Boys+Girls"]
[Site "Imst"]
[Date "2011.06.25"]
[Round "6.10"]
[White "Martic, Matea"]
[Black "Bitsche, Martin"]
[Result "1-0"]
[WhiteElo "1200"]
[BlackElo "1425"]
[PlyCount "73"]
[EventDate "2011.06.24"]
[EventType "swiss"]
[EventRounds "7"]
[EventCountry "AUT"]
[SourceTitle "EXT 2024"]
[Source "ChessBase"]
[SourceDate "2023.10.10"]
[SourceVersion "1"]
[SourceVersionDate "2023.10.10"]
[SourceQuality "1"]

1. e4 d6 2. d4 Nf6 3. Nc3 g6 4. Nf3 Bg7 5. Bg5 Nbd7 6. Be2 c6 7. 0-0 0-0 8. Qd2 Qc7 9. Rad1 e5 10. d5 cxd5 11. exd5 e4 12. Nd4 Qc5 13. Nb3 Qc7 14. Nb5 Qb6 15. Bf4 Ne8 16. c3 a6 17. N5d4 Nc5 18. Be3 Qd8 19. Bh6 Qh4 20. Bxg7 Kxg7 21. f3 exf3 22. Nxf3 Qh6 23. Qxh6+ Kxh6 24. Nxc5 dxc5 25. Ne5 f6 26. Ng4+ Bxg4 27. Bxg4 f5 28. Be2 Rf6 29. Bc4 Rd8 30. Bb3 b5 31. c4 bxc4 32. Bxc4 a5 33. Rf3 Ra8 34. Rh3+ Kg7 35. Ra3 Rb8 36. Rxa5 Rxb2 37. Rxc5 1-0